The magnificent mummy maker / (Record no. 34975)
[ view plain ]
| 000 -LEADER | |
|---|---|
| fixed length control field | 01062cam a2200325 a 4500 |
| 001 - CONTROL NUMBER | |
| control field | 3940997 |
| 003 - CONTROL NUMBER IDENTIFIER | |
| control field | OSt |
| 005 - DATE AND TIME OF LATEST TRANSACTION | |
| control field | 20140310184518.0 |
| 008 - FIXED-LENGTH DATA ELEMENTS--GENERAL INFORMATION | |
| fixed length control field | 930325s1994 nyua j 000 1 eng |
| 010 ## - LIBRARY OF CONGRESS CONTROL NUMBER | |
| LC control number | 93007870 |
| 020 ## - INTERNATIONAL STANDARD BOOK NUMBER | |
| International Standard Book Number | 0590457438 |
| Terms of availability | $13.95 |
| 040 ## - CATALOGING SOURCE | |
| Original cataloging agency | DLC |
| Transcribing agency | DLC |
| Modifying agency | DLC |
| 042 ## - AUTHENTICATION CODE | |
| Authentication code | lcac |
| 050 00 - LIBRARY OF CONGRESS CALL NUMBER | |
| Classification number | PZ 7 |
| Item number | .W8606Mag 1994 |
| 100 1# - MAIN ENTRY--PERSONAL NAME | |
| Personal name | Woodruff, Elvira. |
| 9 (RLIN) | 5590 |
| 245 14 - TITLE STATEMENT | |
| Title | The magnificent mummy maker / |
| Statement of responsibility, etc | Elvira Woodruff. |
| 260 ## - PUBLICATION, DISTRIBUTION, ETC. (IMPRINT) | |
| Place of publication, distribution, etc | New York : |
| Name of publisher, distributor, etc | Scholastic, |
| Date of publication, distribution, etc | 1994. |
| 300 ## - PHYSICAL DESCRIPTION | |
| Extent | 132 p. : |
| Other physical details | ill. ; |
| Dimensions | 22 cm |
| 521 ## - TARGET AUDIENCE NOTE | |
| Target audience note | |
| 526 ## - STUDY PROGRAM INFORMATION NOTE | |
| Reading level | 800 |
| 650 #1 - SUBJECT ADDED ENTRY--TOPICAL TERM | |
| Topical term or geographic name as entry element | Stepfamilies |
| General subdivision | Fiction. |
| 9 (RLIN) | 29582 |
| 650 #1 - SUBJECT ADDED ENTRY--TOPICAL TERM | |
| Topical term or geographic name as entry element | Brothers and sisters |
| General subdivision | Fiction. |
| 9 (RLIN) | 29583 |
| 650 #1 - SUBJECT ADDED ENTRY--TOPICAL TERM | |
| Topical term or geographic name as entry element | Mummies |
| General subdivision | Fiction. |
| 9 (RLIN) | 29584 |
| 650 #1 - SUBJECT ADDED ENTRY--TOPICAL TERM | |
| Topical term or geographic name as entry element | Schools |
| General subdivision | Fiction. |
| 9 (RLIN) | 29585 |
| 906 ## - LOCAL DATA ELEMENT F, LDF (RLIN) | |
| a | 7 |
| b | cbc |
| c | orignew |
| d | 1 |
| e | ocip |
| f | 19 |
| g | y-gencatlg |
| 942 ## - ADDED ENTRY ELEMENTS (KOHA) | |
| Source of classification or shelving scheme | Library of Congress Classification |
| Koha item type | |
| Withdrawn status | Lost status | Source of classification or shelving scheme | Damaged status | Home library | Current library | Shelving location | Date acquired | Total Checkouts | Full call number | Barcode | Date last seen | Copy number | Price effective from | Koha item type | Source of acquisition | Public note |
|---|---|---|---|---|---|---|---|---|---|---|---|---|---|---|---|---|
| Library of Congress Classification | Luxembourg Library | Luxembourg Library | Scholastic Reading Center Section | 10/16/2013 | PZ 7 .W8606Mag 1994 | SCHO0687 | 04/18/2017 | 1 | 10/16/2013 | Books | ||||||
| Withdrawn | Library of Congress Classification | Luxembourg Library | Luxembourg Library | Scholastic Reading Center Section | 11/11/2013 | PZ 7 .W8606Mag 1994 | LEX09897 | 11/11/2013 | 2 | 11/11/2013 | Books | Donation | Lost and Replaced with new barcode: LEX3205 (Inventory AY 18-19) |